000 002180000a22000970004500
100 1 _aStill, William
245 1 0 _aWhat of the future?
300 _aVol. 5, Núm 3 (1987), Páginas 2-8
773 0 _tEvangel
942 _cANA
999 _c54324
_d54324